00546nam a2200169Ia 4500003000900000008004100009040001600050080001700066100002100083245009600104260003500200300001600235490006500251650001900316650002200335650001900357IN-BaIIA211028s9999 xx 000 0 eng d cIIA Library a530.145bKAE aKaempffer, F. A. 0aConcepts in quantum mechanicscF. A. Kaempffer  aNew YorkbAcademic Pressc1965 axiii, 358p. aPure and applied physics: a series of monographs and textboo aNASA Thesaurus aQuantum mechanics aQuantum theory